Sports Quiz

Random Sports or NHL Quiz

NHL MVPs Quiz Stats

 Plays Quiz Updated Jun 21, 2019

Score 0/95 Timer 08:00
2 Plays Today
Year Winner % Correct
1979–80Wayne Gretzky
96.1%
1980–81Wayne Gretzky
96.1%
1981–82Wayne Gretzky
96.1%
1982–83Wayne Gretzky
96.1%
1983–84Wayne Gretzky
96.1%
1984–85Wayne Gretzky
96.1%
1985–86Wayne Gretzky
96.1%
1986–87Wayne Gretzky
96.1%
1988–89Wayne Gretzky
96.1%
2006–07Sidney Crosby
95.4%
2013-14Sidney Crosby
94.8%
2007–08Alexander Ovechkin
93.8%
2008–09Alexander Ovechkin
93.8%
2012-13Alexander Ovechkin
92.4%
1987–88Mario Lemieux
88.5%
1992–93Mario Lemieux
88.5%
1995–96Mario Lemieux
88.5%
2015-16Patrick Kane
88.3%
2011-12Evgeni Malkin
85.7%
2016-17Connor McDavid
84.9%
1969–70Bobby Orr
82.7%
1970–71Bobby Orr
82.7%
1971–72Bobby Orr
82.7%
1989–90Mark Messier
81.8%
1991–92Mark Messier
81.8%
2000–01Joe Sakic
80.5%
1990–91Brett Hull
79.4%
1964–65Bobby Hull
79.3%
1965–66Bobby Hull
79.3%
2005–06Joe Thornton
79.1%
1998–99Jaromir Jagr
78.4%
2017-18Taylor Hall
78.2%
Year Winner % Correct
2003–04Martin St. Louis
77.8%
2014-15Carey Price
77.6%
1951–52Gordie Howe
74.5%
1952–53Gordie Howe
74.5%
1956–57Gordie Howe
74.5%
1957–58Gordie Howe
74.5%
1959–60Gordie Howe
74.5%
1962–63Gordie Howe
74.5%
1996–97Dominik Hasek
71.8%
1997–98Dominik Hasek
71.8%
2002–03Peter Forsberg
71%
2018-19Nikita Kucherov
68.5%
1994–95Eric Lindros
66.1%
1946–47Maurice Richard
61.2%
1968–69Phil Esposito
59%
1973–74Phil Esposito
59%
1976–77Guy Lafleur
55%
1977–78Guy Lafleur
55%
1999–2000Chris Pronger
54.6%
1972–73Bobby Clarke
54.3%
1974–75Bobby Clarke
54.3%
1975–76Bobby Clarke
54.3%
2009-10Henrik Sedin
51.2%
2001–02Jose Theodore
50.1%
1966–67Stan Mikita
49.5%
1967–68Stan Mikita
49.5%
1993–94Sergei Fedorov
46%
1978–79Bryan Trottier
45.3%
1955–56Jean Beliveau
35.7%
1963–64Jean Beliveau
35.7%
2010-11Corey Perry
34%
1961–62Jacques Plante
24.1%
Year Winner % Correct
1932–33Eddie Shore
22.9%
1934–35Eddie Shore
22.9%
1935–36Eddie Shore
22.9%
1937–38Eddie Shore
22.9%
1927–28Howie Morenz
21.8%
1930–31Howie Morenz
21.8%
1931–32Howie Morenz
21.8%
1960–61Bernie Geoffrion
20.3%
1938–39Toe Blake
18%
1958–59Andy Bathgate
13.6%
1948–49Sid Abel
12.4%
1954–55Ted Kennedy
11.6%
1950–51Milt Schmidt
11.5%
1944–45Elmer Lach
9.8%
1945–46Max Bentley
8.1%
1925–26Nels Stewart
8.1%
1929–30Nels Stewart
8.1%
1933–34Aurele Joliat
7.1%
1923–24Frank Nighbor
6.5%
1941–42Tommy Anderson
6.3%
1940–41Bill Cowley
6.3%
1942–43Bill Cowley
6.3%
1953–54Al Rollins
5.1%
1943–44Babe Pratt
4.5%
1939–40Ebbie Goodfellow
4.2%
1924–25Billy Burch
4.1%
1926–27Herb Gardiner
4%
1928–29Roy Worters
3.9%
1949–50Chuck Rayner
3.9%
1947–48Buddy O'Connor
3.8%
1936–37Babe Siebert
3.8%

You're not logged in!

Compare scores with friends on all Sporcle quizzes.
OR
Log In

Show Comments

Extras

Top Quizzes Today


Score Distribution

Your Account Isn't Verified!

In order to create a playlist on Sporcle, you need to verify the email address you used during registration. Go to your Sporcle Settings to finish the process.

Report this User

Report this user for behavior that violates our Community Guidelines.

Details: